00513nam a22001817a 450000500170000001000140001702000260003103500130005703700130007008200100008310000180009324500930011125000120020426000420021627000380025830000320029670000030032820100806154617.0 aENG-98719 c175.00a9788180546044 aEN-82251 bDBAD/PUB a174.4 aTayal, B. B.  apolitics ethics and social reponsibility of business /cby B. B. Tayal [and] C. B. Gupta a3rd ed. aNew Delhi bSultan Chand & sonsc2009 a23, DaryaganjbNew Delhi e110002 axii, 322 p. c24 cm. (Pbk)